| 000 -LEADER |
| fixed length control field |
01806cam a22003618i 4500 |
| 001 - CONTROL NUMBER |
| control field |
21240629 |
| 003 - CONTROL NUMBER IDENTIFIER |
| control field |
NUST |
| 005 - DATE AND TIME OF LATEST TRANSACTION |
| control field |
20221006112401.0 |
| 008 - FIXED-LENGTH DATA ELEMENTS--GENERAL INFORMATION |
| fixed length control field |
191011s2020 flu b 001 0 eng |
| 010 ## - LIBRARY OF CONGRESS CONTROL NUMBER |
| LC control number |
2019046116 |
| 020 ## - INTERNATIONAL STANDARD BOOK NUMBER |
| International Standard Book Number |
9781498774970 |
| Qualifying information |
(hardback ; |
| -- |
acid-free paper) |
| 020 ## - INTERNATIONAL STANDARD BOOK NUMBER |
| Canceled/invalid ISBN |
9780429186745 |
| Qualifying information |
(ebook) |
| 040 ## - CATALOGING SOURCE |
| Original cataloging agency |
DLC |
| Language of cataloging |
eng |
| Description conventions |
rda |
| Transcribing agency |
DLC |
| 042 ## - AUTHENTICATION CODE |
| Authentication code |
pcc |
| 050 00 - LIBRARY OF CONGRESS CALL NUMBER |
| Classification number |
RC78.7.T6 |
| Item number |
S73 2020 |
| 082 00 - DEWEY DECIMAL CLASSIFICATION NUMBER |
| Classification number |
616.0757, STO |
| Edition number |
23 |
| 100 1# - MAIN ENTRY--PERSONAL NAME |
| Personal name |
Stock, Stuart R., |
| Relator term |
author. |
| 9 (RLIN) |
99251 |
| 245 10 - TITLE STATEMENT |
| Title |
Microcomputed tomography : |
| Remainder of title |
methodology and applications / |
| Statement of responsibility, etc. |
by Stuart R. Stock. |
| 250 ## - EDITION STATEMENT |
| Edition statement |
Second edition. |
| 263 ## - PROJECTED PUBLICATION DATE |
| Projected publication date |
2012 |
| 264 #1 - PRODUCTION, PUBLICATION, DISTRIBUTION, MANUFACTURE, AND COPYRIGHT NOTICE |
| Place of production, publication, distribution, manufacture |
Boca Raton, FL : |
| Name of producer, publisher, distributor, manufacturer |
CRC Press/Taylor and Francis, |
| Date of production, publication, distribution, manufacture, or copyright notice |
[2020] |
| 300 ## - PHYSICAL DESCRIPTION |
| Extent |
xxvi: 330:pages |
| 336 ## - CONTENT TYPE |
| Content type term |
text |
| Content type code |
txt |
| Source |
rdacontent |
| 337 ## - MEDIA TYPE |
| Media type term |
unmediated |
| Media type code |
n |
| Source |
rdamedia |
| 338 ## - CARRIER TYPE |
| Carrier type term |
volume |
| Carrier type code |
nc |
| Source |
rdacarrier |
| 505 ## - FORMATTED CONTENTS NOTE |
| Formatted contents note |
Introduction (Page-1),Fundamentals (Page-13),Reconstruction from Projections (Page-25),<br/>Micro-CT Systems and Their Components (Page-45),Micro-CT in Practice (Page-93), Experiment Design, Data Analysis, Visualization (Page-125), “Simple” Metrology and Microstructure Quantification (Page-155),Cellular or Trabecular Solids (Page-185),Networks (Page-223),Microstructural Evolution (Page-247),Mechanically-Induced Damage, Deformation and Cracking (Page-287),Multimode Studies and Non-Absorption Modalities (Page-311). |
| 650 #0 - SUBJECT ADDED ENTRY--TOPICAL TERM |
| Topical term or geographic name entry element |
Tomography. |
| 9 (RLIN) |
99252 |
| 650 #0 - SUBJECT ADDED ENTRY--TOPICAL TERM |
| Topical term or geographic name entry element |
X-ray microscopy. |
| 9 (RLIN) |
99253 |
| 776 08 - ADDITIONAL PHYSICAL FORM ENTRY |
| Relationship information |
Online version: |
| Main entry heading |
Stock, Stuart R., |
| Title |
Microcomputed tomography |
| Edition |
Second edition. |
| Place, publisher, and date of publication |
Boca Raton, FL : CRC Press/Taylor and Francis, [2020] |
| International Standard Book Number |
9780429186745 |
| Record control number |
(DLC) 2019046117 |
| 906 ## - LOCAL DATA ELEMENT F, LDF (RLIN) |
| a |
7 |
| b |
cbc |
| c |
orignew |
| d |
1 |
| e |
ecip |
| f |
20 |
| g |
y-gencatlg |
| 942 ## - ADDED ENTRY ELEMENTS (KOHA) |
| Source of classification or shelving scheme |
|
| Koha item type |
Book |